banner-ar

ابحاث المؤتمر السنوى الخامس لتاريخ العلوم عند العرب / (Record no. 43764)

MARC details
000 -الفاتح
حقل البيانات ثابتة الطول 00645nam a2200193Ia 4500
008 - عناصر البيانات ثابتة الطول - معلومات عامة
حقل البيانات ثابتة الطول 140319s9999 xx 000 0 ara d
040 ## - مصدر الفهرسة
وكالة الفهرسة الأصلية GCL /
وكالة النسخ GCL
082 04 - رقم تصنيف ديوى العشرى
رقم التصنيف 509
رقم المادة خ ا
100 1# - المدخل الرئيسى - إسم شخصى
الإسم الشخصى خالد ماغوط
245 10 - بيان العنوان
العنوان ابحاث المؤتمر السنوى الخامس لتاريخ العلوم عند العرب /
بيان المسئوليه,etc خالد ماغوط
700 1# - المدخل الاضافى - اسم شخصى
الإسم الشخصى محمد على خياطة (تحرير)
300 ## - الوصف المادى
التعداد 352 ص
490 ## - بيان السلسلة
عنوان السلسلة منشورات جامعة حلب
رقم المجلد/ التعيين التسلسلي 0
650 04 - المدخل الاضافى بالموضوع-مصطلح موضوعى
مصطلح موضوعي العلوم عند العرب
650 04 - المدخل الاضافى بالموضوع-مصطلح موضوعى
مصطلح موضوعي الحضارة الاسلامية
650 04 - المدخل الاضافى بالموضوع-مصطلح موضوعى
مصطلح موضوعي العلماء العرب
942 ## - عناصر المدخل الإضافي( كوها)
مصدر التصنيف او مخطط الترفيف Dewey Decimal Classification
Koha [default] item type كتاب
Holdings
حالة التراجع حالة الفقد حالة تلف ليس للاعارة المكان المؤقت الموقع الحالى تاريخ الاكتساب اجمالي اﻻعارات رقم الطلب الباركود تاريخ اخر مشاهدة تاريخ تفعيل السعر نوع وعاء كوها
        مكتبة القاهرة الكبرى مكتبة القاهرة الكبرى 03/26/2014   509\خ ا 106082 03/26/2014 03/26/2014 كتاب
        مكتبة القاهرة الكبرى مكتبة القاهرة الكبرى 03/26/2014   509\خ ا 106083 03/26/2014 03/26/2014 كتاب
        مكتبة القاهرة الكبرى مكتبة القاهرة الكبرى 03/26/2014   509\خ ا 106084 03/26/2014 03/26/2014 كتاب

Powered By

EGPV